MARC

LEADER 00000nam0a2200000 4500
001 360929
005 20231102011334.0
035 |a (RuTPU)RU\TPU\retro\18255 
090 |a 360929 
100 |a 20210519d1980 km y0rusy50 ca 
101 0 |a rus 
102 |a UA 
105 |a a z 001zy 
200 1 |a Организация труда на участке мастера машиностроительного завода  |f В. М. Данюк, И. В. Кожаринов, В. Е. Москалюк  |g под ред. В. М. Данюка 
205 |a 2-е изд., доп. 
210 |a Киев  |c Технiка  |d 1980 
215 |a 389 с.  |c ил. 
320 |a Библиогр.: с. 384-386 
606 1 |a Машиностроение  |x Организация труда научная  |2 stltpush  |3 (RuTPU)RU\TPU\subj\41471  |9 61261 
610 1 |a производственные участки 
610 1 |a планирование 
610 1 |a подготовка 
610 1 |a кадры 
610 1 |a расстановка 
610 1 |a разделение труда 
610 1 |a условия труда 
610 1 |a стимулирование 
610 1 |a управление 
675 |a 621.002:658.387  |v 4 
700 1 |a Данюк  |b В. М.  |g Василий Михайлович 
701 1 |a Кожаринов  |b И. В.  |g Игорь Валентинович 
701 1 |a Москалюк  |b В. Е.  |g Владлен Ефремович 
702 1 |a Данюк  |b В. М.  |4 340 
801 1 |a RU  |b 63413507  |c 20210519 
942 |c BK